2016-17 College Basketball Preseason Top 25 - Statistics

General Stats
  • This quiz has been taken 196 times
  • The average score is 17 of 25
Answer Stats
# Team % Correct
1 Duke
99%
4 Kentucky
98%
6 North Carolina
96%
2 Kansas
93%
9 Michigan State
90%
20 UCLA
84%
3 Villanova
82%
11 Arizona
79%
5 Oregon
77%
13 Gonzaga
76%
22 Texas
74%
7 Virginia
72%
10 Wisconsin
70%
12 Indiana
69%
14 Louisville
67%
17 Syracuse
66%
15 Purdue
60%
21 Maryland
58%
18 West Virginia
57%
16 Connecticut
54%
8 Xavier
54%
23 Creighton
46%
25 Cincinnati
41%
19 St. Mary's
35%
24 Rhode Island
25%
No matching quizzes found
Score Distribution
Percent of People with Each Score
Percentile by Number Answered
Your Score History
You have not taken this quiz